Formulas for stress and strain (Record no. 12324)

MARC details
000 -LEADER
fixed length control field 00237nam a22001097a 4500
082 ## - DEWEY DECIMAL CLASSIFICATION NUMBER
Classification number 624.1760212YOU
100 ## - MAIN ENTRY--AUTHOR NAME
Personal name Young C Warren
245 ## - TITLE STATEMENT
Title Formulas for stress and strain
260 ## - PUBLICATION, DISTRIBUTION, ETC. (IMPRINT)
Name of publisher McGrwa Hill
Year of publication 1975
300 ## - PHYSICAL DESCRIPTION
Number of Pages 624
942 ## - ADDED ENTRY ELEMENTS (KOHA)
Koha item type Books
Holdings
Withdrawn status Lost status Home library Current library Date acquired Cost, normal purchase price Full call number Accession Number Koha item type
    Seminar Library, Civil Engg. Seminar Library, Civil Engg. 12/02/2015 125.00 624.1760212YOU 7174 Books
    Seminar Library, Mechanical Engg. Seminar Library, Mechanical Engg. 12/02/2015 125.00 624.1760212YOU 7175 Books